000
00239nam a22001217a 4500
020
_a
81-88682-04-7
082
_a
001
_b
TRE/F
245
_a
FACT FINDER
260
_a
DELHI
_b
TREND SETTERS
300
_a
64
650
_a
GK
_z
DELHI
942
_c
BK
999
_c
6184
_d
6184